00518nam a2200217Ia 4500003000900000005001700009008004100026040001300067040001300080041000800093100002700101245006800128250001100196260002100207260000900228300001100237300000700248300001000255490002900265490000600294IT-RoPAU20220918175730.0120407s9999 xx 000 0 und d aIT-RoPAU cIT-RoPAU aita aBenedettine di Rosario aLa Madonna nel pensiero di san Bernardo e dei primi cistercensi aMilano aEdizioni Paoline c1989 a178 p. bsi c18 cm aLa parola e le parole,15 v1